Sušení a hydrotermická úprava dřeva /

Hlavní autor: Klement, Ivan
Korporativní autor: Česká zemědělská univerzita v Praze. Lesnická a dřevařská fakulta
Další autoři: Pánek, Miloš
Jazyk: Čeština
Vydáno: V Praze : Česká zemědělská univerzita, 2018
Vydání: Vydání první
Témata:
Fyzický popis: 110 stran : ilustrace (některé barevné) ; 30 cm
Knihy
Uloženo v:
LEADER 01915nam a2200505 i 4500
001 nkc20183046735
003 CZ PrNK
005 20190226145207.0
007 ta
008 181019s2018 xr a e p 000 0 cze
015 |a cnb003046735 
020 |a 978-80-213-2892-1  |q (brožováno) 
035 |a (OCoLC)1089704690 
040 |a BOA001  |b cze  |e rda 
072 7 |a 674  |x Dřevo. Dřevařský průmysl  |2 Konspekt  |9 19 
072 7 |a 37.016  |x Učební osnovy. Vyučovací předměty. Učebnice  |2 Konspekt  |9 22 
080 |a 674.047  |2 MRF 
080 |a 674.02  |2 MRF 
080 |a (075.8)  |2 MRF 
100 1 |a Klement, Ivan  |7 mzk2008486415  |4 aut 
245 1 0 |a Sušení a hydrotermická úprava dřeva /  |c Ivan Klement, Miloš Pánek 
250 |a Vydání první 
264 1 |a V Praze :  |b Česká zemědělská univerzita,  |c 2018 
300 |a 110 stran :  |b ilustrace (některé barevné) ;  |c 30 cm 
336 |a text  |b txt  |2 rdacontent 
337 |a bez média  |b n  |2 rdamedia 
338 |a svazek  |b nc  |2 rdacarrier 
500 |a Název z obálky 
500 |a Nad názvem: Česká zemědělská univerzita v Praze, Fakulta lesnická a dřevařská 
500 |a 110 výtisků 
504 |a Obsahuje bibliografii a bibliografické odkazy 
521 8 |a Určeno pro posluchače FLD 
650 0 7 |a sušení dřeva  |7 ph1026523  |2 czenas 
650 0 7 |a zpracování dřeva  |7 ph135488  |2 czenas 
650 0 9 |a drying wood  |2 eczenas 
650 0 9 |a wood processing  |2 eczenas 
655 7 |a učebnice vysokých škol  |7 fd133772  |2 czenas 
655 9 |a textbooks (higher)  |2 eczenas 
700 1 |a Pánek, Miloš  |7 jo2017937602  |4 aut 
710 2 |a Česká zemědělská univerzita v Praze.  |b Lesnická a dřevařská fakulta  |7 ko2007416980  |4 isb 
910 2 |a BOA001  |b 4-1421.810 
990 |a BK 
995 |a 01 
991 |b 201902  |c NOV 
996 6 |b 2610769881  |c 4-1421.810  |l MZK  |r Sklad / do 1 hodiny  |n 2  |p p.v.  |w 001706661  |u 000010  |a 1  |e BOA001  |j MZK50  |s P